Dana Carvey Filmography - Statistics

General Stats
  • This quiz has been taken 12 times
    4 since last reset
  • The average score is 27 of 67
Answer Stats
Type Year Name % Correct
TV Show 1986-1993, 1996-2024 Saturday Night Live
100%
TV Show 1992, 1995, 1997 The Larry Sanders Show
100%
TV Show 1984 Blue Thunder
67%
Film 2016 First Impressions
67%
TV Show 2011 Good Vibes
67%
Film 1981 Halloween II
67%
TV Show 1998 Just Shoot Me!
67%
TV Show 1998, 1999 LateLine
67%
Web Series 2023-Present Mulligan
67%
TV Show 1982 One of the Boys
67%
TV Show 2013 Rick and Morty
67%
TV Show 1978 The Big Laff Off
67%
TV Show 2014 The Birthday Boys
67%
TV Show 1996 The Dana Carvey Show
67%
TV Show 2010 The Fairly OddParents
67%
Film 1992 Wayne's World
67%
Film 1993 Wayne's World 2
67%
TV Film 1980 Alone at Last
33%
Commercial 1989 American Express
33%
Web Series 2019 Bajillion Dollar Propertie$
33%
Documentary 2017 Becoming Bond
33%
TV Show 2014-2016 Beyond the Comics
33%
Music Video 1992 Bohemian Rhapsody (Wayne's World Version)
33%
Short Film 2016 Carpool Pandering
33%
Film 1994 Clean Slate
33%
Short Film 1989 Cranium Command
33%
Stand-Up Special 1995 Dana Carvey: Critics' Choice
33%
Stand-Up Special 2008 Dana Carvey: Squatting Monkeys Tell No Lies
33%
Stand-Up Special 2016 Dana Carvey: Straight White Male, 60
33%
Music Video 1992 Feed My Frankenstein
33%
Podcast 2022-Present Fly on the Wall with Dana Carvey and David Spade
33%
Music Video 1992 Hot and Bothered
33%
Film 2015 Hotel Transylvania 2
33%
Film 2011 Jack and Jill
33%
Commercial 2002, 2003 Lay's
33%
Film 2000 Little Nicky
33%
TV Show 2012 Live with Kelly
33%
Film 1988 Moving
33%
Film 1990 Opportunity Knocks
33%
Short Film 2010 Presidential Reunion
33%
Film 1984 Racing with the Moon
33%
Film 2017 Sandy Wexler
33%
TV Special 1994 Saturday Night Live Presents Bill Clinton's All-Time Favorites
33%
TV Special 1998 Saturday Night Live: The Best of Dana Carvey
33%
TV Pilot 1985 Slickers
33%
Commercial 2015 State Farm
33%
TV Special 1988 Superman 50th Anniversary
33%
TV Special 1992 The 15th Annual Young Comedians Special
33%
TV Mini-Series 2013 The Funster
33%
Film 2002 The Master of Disguise
33%
Film 1994 The Road to Wellville
33%
Film 2016 The Secret Life of Pets
33%
Film 2019 The Secret Life of Pets 2
33%
Film 1996 The Shot
33%
Film 1984 This Is Spın̈al Tap
33%
Commercial 2009 T-Mobile's myTouch
33%
Documentary 2017 Too Funny to Fail: The Life & Death of The Dana Carvey Show
33%
Film 1986 Tough Guys
33%
Film 1994 Trapped in Paradise
33%
Commercial 2021 Uber Eats
33%
TV Special 1993 Wayne and Garth's Saturday Night Live Music a Go-Go
33%
Film 1984 Young Lust
33%
Web Series 2018 Comedians in Cars Getting Coffee
0%
TV Show 2019 Dennis Miller & Friends
0%
Commercial 2001 Disney's 'Why We Love the Mouse'
0%
Documentary 1996 Fire on the Track: The Steve Prefontaine Story
0%
TV Pilot 2010 Spoof
0%
No matching quizzes found
Score Distribution
Percent of People with Each Score
Percentile by Number Answered
Your Score History
You have not taken this quiz since the last reset